Ovládanie virtuálnej prehliadky pomocou gest s využitím senzora Kinect
Saved in:
| Main Author: | |
|---|---|
| Other Authors: | |
| Format: | Manuscript Book |
| Language: | Slovak |
| Published: |
2016
|
| Subjects: | |
| Online Access: | http://is.stuba.sk/zp/portal_zp.pl?podrobnosti=113911 |
| Tags: |
No Tags, Be the first to tag this record!
|
MARC
| LEADER | 00000ntm a22000003a 4500 | ||
|---|---|---|---|
| 001 | stuzp55163 | ||
| 003 | SK-STU | ||
| 005 | 20190408090737.1 | ||
| 007 | ta | ||
| 008 | 150427s2015----xo-----f-mn---000-0-slo-d | ||
| 040 | |a STU |b slo | ||
| 041 | 0 | |a slo | |
| 100 | 1 | |a Kovačic, Matej |u 066000 |4 aut |U MTF Materiálovotechnologická fakulta |T MTF Ústav aplikovanej informatiky, automatizácie a mechatroniky |X 52565 |U M6000 |Y 86 |7 52565 | |
| 242 | 0 | 1 | |a Controlling the virtual tour with gestures using Kinect |y eng |
| 245 | 1 | 0 | |a Ovládanie virtuálnej prehliadky pomocou gest s využitím senzora Kinect |
| 260 | |c 2016 | ||
| 650 | 4 | |a senzor Kinect |2 slo | |
| 650 | 4 | |a virtuálna prehliadka |2 slo | |
| 650 | 4 | |a ovládacie gestá |2 slo | |
| 650 | 4 | |a panoramatická fotografia |2 slo | |
| 650 | 4 | |a Kinect sensor |2 eng | |
| 650 | 4 | |a virtual tour |2 eng | |
| 650 | 4 | |a control gestures |2 eng | |
| 650 | 4 | |a panoramic photo |2 eng | |
| 700 | 1 | |a Peterková, Andrea |u 066000 |k Z3 |4 ths |U MTF Materiálovotechnologická fakulta |T MTF Ústav aplikovanej informatiky, automatizácie a mechatroniky |X 56754 |U M6000 |Y 86 |7 56754 | |
| 856 | 4 | |u http://is.stuba.sk/zp/portal_zp.pl?podrobnosti=113911 | |
| 996 | |c M* BP-7589 |l MMSKP |s P |a 0 |w stuzp55163_0001 | ||
| SQL | |a stuzp55163 |b DBP |c SLO |d Ovládanie virtuálnej prehliadky pomocou gest s využitím senzora Kinect |e 52565 |f Kovačic, Matej |g 066000 |h 56754 |i Peterková, Andrea |j 20160621 |k 168 |l 06 |m http://is.stuba.sk/zp/portal_zp.pl?podrobnosti=113911 |n B-AIA |o 5.2.14. automatizácia, 9.2.9. aplikovaná informatika | ||